Countries of Africa That Start With a Vowel - Statistics

General Stats
  • This quiz has been taken 44 times
  • The average score is 8 of 9
Answer Stats
Answer % Correct
Algeria
92%
Eswatini
92%
Ethiopia
90%
Uganda
90%
Angola
87%
Eritrea
87%
Ivory Coast
82%
Egypt
77%
Equatorial Guinea
62%
No matching quizzes found
Score Distribution
Percent of People with Each Score
Percentile by Number Answered
Your Score History
You have not taken this quiz